| 000 | 01429cam a2200349 a 4500 | ||
|---|---|---|---|
| 001 | 2616042 | ||
| 003 | PILC | ||
| 005 | 20150827140851.0 | ||
| 008 | 980707s1998 nyuab b 001 0 eng | ||
| 010 | _a 98030221 | ||
| 020 | _a1891620088 | ||
| 040 |
_aDLC _cDLC _dDLC |
||
| 043 | _an-us--- | ||
| 050 | 0 | 0 |
_aVB 231.U54 _b.So65 1998 |
| 082 | 0 | 0 | _a359.9/84 |
| 100 | 1 |
_aSontag, Sherry, _d1960- |
|
| 245 | 1 | 0 |
_aBlind man's bluff : _bthe untold story of American submarine espionage / _cSherry Sontag and Christopher Drew, with Annette Lawrence Drew. |
| 260 |
_aNew York : _bPublic Affairs, _c1998. |
||
| 300 |
_axvii, 514 pages : _billustrations ; _c25 cm. |
||
| 500 | _aIncludes bibliographical references and index. | ||
| 610 | 1 | 0 |
_aUnited States. _bNavy _xSubmarine forces. |
| 650 | 0 |
_aMilitary intelligence _zUnited States. |
|
| 650 | 0 | _aEspionage, American. | |
| 700 | 1 |
_aDrew, Christopher, _d1956- |
|
| 700 | 1 | _aDrew, Annette Lawrence. | |
| 856 | 4 | 2 |
_3Book review (H-Net) _uhttp://www.h-net.org/review/hrev-a0b1d5-aa |
| 856 | 4 | 2 |
_3Contributor biographical information _uhttp://www.loc.gov/catdir/enhancements/fy0828/98030221-b.html |
| 856 | 4 | 2 |
_3Publisher description _uhttp://www.loc.gov/catdir/enhancements/fy0828/98030221-d.html |
| 906 |
_a7 _bcbc _corignew _d1 _eocip _f19 _gy-gencatlg |
||
| 942 |
_2lcc _cBK |
||
| 999 |
_c288536 _d288536 |
||